000 00693nam a2200253Ia 4500
003 OSt
005 20220924125242.0
006 a|||||r|||| 00| 0
007 ta
008 220923b |||||||| |||| 00| 0 tel d
020 _aRs
024 _a340911
037 _cTextual
040 _aARTS
_cARTS
_btel
041 _2tel
_atel
082 _aO35,1NVE1,5, M8
100 _aJandyala Papayya Satstri Au.
_9197925
245 0 _aSivanandalahari
260 _aPuttaparti
_bPrasanti Nilayam India
_c1988
300 _a226p.
_ccm.
650 _aTELUGU LITERATURE
942 _hO35,1NVE1,5, M8
_cTEXL
_2CC
999 _c422264
_d422264